Turbo Pascal và hình họa vi tính

Na minha lista:
Detalhes bibliográficos
Autor principal: Thái Quang Hy
Formato: Livro
Idioma:Undetermined
Publicado em: Hà Nội Giáo Dục 1995
Assuntos:
Tags: Adicionar Tag
Sem tags, seja o primeiro a adicionar uma tag!
Thư viện lưu trữ: Trung tâm Học liệu Trường Đại học Cần Thơ
LEADER 00482nam a2200169Ia 4500
001 CTU_28669
008 210402s9999 xx 000 0 und d
082 |a 005.133 
082 |b H600 
100 |a Thái Quang Hy 
245 0 |a Turbo Pascal và hình họa vi tính 
245 0 |c Thái Quang Hy 
260 |a Hà Nội 
260 |b Giáo Dục 
260 |c 1995 
650 |a pascal ( computer program language ) 
980 |a Trung tâm Học liệu Trường Đại học Cần Thơ